00458nam a2200157 a 450000500170000000800410001702000180005805000180007610000180009424500820011226000380019430000190023244000200025165000160027165000130028720140412111323.0001113s19uu xx 00 eng d a0-307-12474-6 aERbPo75 1995 aPackard, Mary aPocahontas into the forest /cby Mary Packard ; illustrated by Darrell Baker. aNew York :bA Golden Book,c1995. a[12] p. ; ill. aDisney's Series aFairy tales aFolklore